Jesus der Christus
| Autore principale: | |
|---|---|
| Tipo di documento: | Stampa Libro |
| Lingua: | Tedesco |
| Servizio "Subito": | Ordinare ora. |
| Verificare la disponibilità: | HBZ Gateway |
| WorldCat: | WorldCat |
| Interlibrary Loan: | Interlibrary Loan for the Fachinformationsdienste (Specialized Information Services in Germany) |
| Pubblicazione: |
Mainz
Matthias-Grünewald-Verl.
1974
|
| In: | Anno: 1974 |
| Recensioni: | Kasper, Walter, Jesus der Christus (1977) (Baur, Jörg, 1930 - 2022)
Chronique de christologie (1976) (Winling, Raymond, 1924 -) [Rezension von: Kasper, Walter, 1933-, Jesus der Christus] (1975) (Schwager, Raymund, 1935 - 2004) Kasper, Walter, Jesus der Christus (1977) (Baur, Jörg, 1930 - 2022) |
| (sequenze di) soggetti normati: | B
Jesus Christus
B Cristologia |
| Altre parole chiave: | B
Cristologia
B Christology |
MARC
| LEADER | 00000cam a2200000 c 4500 | ||
|---|---|---|---|
| 001 | 322260272 | ||
| 003 | DE-627 | ||
| 005 | 20250824191436.0 | ||
| 007 | tu | ||
| 008 | 001129s1974 gw ||||| 00| ||ger c | ||
| 020 | |a 3786704643 |9 3-7867-0464-3 | ||
| 035 | |a (DE-627)322260272 | ||
| 035 | |a (DE-576)019329954 | ||
| 035 | |a (DE-599)GBV322260272 | ||
| 035 | |a (OCoLC)248661902 | ||
| 035 | |a (OCoLC)01239006 | ||
| 035 | |a (DE-604)8031582028 | ||
| 040 | |a DE-627 |b ger |c DE-627 |e rakwb | ||
| 041 | |a ger | ||
| 044 | |c XA-DE | ||
| 084 | |a 1 |2 ssgn | ||
| 084 | |a BN 5000 |2 rvk |0 (DE-625)rvk/13787: | ||
| 084 | |a BH 6000 |2 rvk |0 (DE-625)rvk/11729: | ||
| 084 | |a BN 5100 |2 rvk |0 (DE-625)rvk/13789: | ||
| 084 | |a 11.47 |2 bkl | ||
| 100 | 1 | |0 (DE-588)118900064 |0 (DE-627)079676472 |0 (DE-576)161659292 |4 aut |a Kasper, Walter |d 1933- | |
| 109 | |a Kasper, Valter 1933- |a Kāsbar, Fāltir 1933- |a Kasper, Walter Kardinal 1933- |a Kaseupeo, Balteo 1933- |a Kasper, Val'ter 1933- |a K'asŭp'ŏ, Palt'ŏ 1933- |a Kasipei 1933- |a Kardinal Kasper, Walter 1933- |a Balteo-Kaseupeo 1933- |a Kasper, Walter Cardeal 1933- |a Ka si pei 1933- |a Bal teo Ka seu peo 1933- |a Kasper, Valʹter 1933- |a Kasper, Walter 1933- |a Kasper, W. 1933- |a Walter Kardinal Kasper 1933- |a Kasupā, W. 1933- | ||
| 245 | 1 | 0 | |a Jesus der Christus |c Walter Kasper |
| 264 | 1 | |a Mainz |b Matthias-Grünewald-Verl. |c 1974 | |
| 300 | |a 332 S. | ||
| 336 | |a Text |b txt |2 rdacontent | ||
| 337 | |a ohne Hilfsmittel zu benutzen |b n |2 rdamedia | ||
| 338 | |a Band |b nc |2 rdacarrier | ||
| 583 | 1 | |a Archivierung/Langzeitarchivierung gewährleistet |f SSG |x XA-DE-BW |2 pdager |5 DE-21 | |
| 583 | 1 | |a Archivierung prüfen |c 20240324 |f DE-4165 |z 3 |2 pdager | |
| 601 | |a Christus | ||
| 650 | 4 | |a Christologie | |
| 650 | 4 | |a Christology | |
| 689 | 0 | 0 | |d p |0 (DE-588)118557513 |0 (DE-627)079354688 |0 (DE-576)208978216 |2 gnd |a Jesus Christus |
| 689 | 0 | |5 (DE-627) | |
| 689 | 1 | 0 | |d s |0 (DE-588)4010141-1 |0 (DE-627)106359606 |0 (DE-576)20888615X |2 gnd |a Christologie |
| 689 | 1 | |5 (DE-627) | |
| 787 | 0 | 8 | |i Rezension |a Baur, Jörg, 1930 - 2022 |t Kasper, Walter, Jesus der Christus |d 1977 |w (DE-627)1442234466 |w (DE-576)372234461 |
| 787 | 0 | 8 | |i Rezensiert in |a Winling, Raymond, 1924 - |t Chronique de christologie |d 1976 |w (DE-627)1687020450 |
| 787 | 0 | 8 | |i Rezensiert in |a Schwager, Raymund, 1935 - 2004 |t [Rezension von: Kasper, Walter, 1933-, Jesus der Christus] |d 1975 |w (DE-627)1650115377 |w (DE-576)518880710 |
| 787 | 0 | 8 | |i Rezensiert in |a Baur, Jörg, 1930 - 2022 |t Kasper, Walter, Jesus der Christus |d 1977 |w (DE-627)1520997663 |w (DE-576)450997669 |
| 935 | |a mteo | ||
| 935 | |i Blocktest | ||
| 936 | r | v | |a BN 5000 |b Allgemeine Darstellungen zu Christus und seinem Werk |k Theologie und Religionswissenschaften |k Dogmatik und Dogmengeschichte |k Spezielle Dogmatik |k Christologie, Soteriologie und Mariologie |k Allgemeine Darstellungen zu Christus und seinem Werk |0 (DE-627)1270741373 |0 (DE-625)rvk/13787: |0 (DE-576)200741373 |
| 936 | r | v | |a BH 6000 |b Allgemeine Darstellungen |k Theologie und Religionswissenschaften |k Evangelische Dogmatik |k Spezielle Dogmatik |k Christologie |k Allgemeine Darstellungen |0 (DE-627)1271900548 |0 (DE-625)rvk/11729: |0 (DE-576)201900548 |
| 936 | r | v | |a BN 5100 |b Allgemein |k Theologie und Religionswissenschaften |k Dogmatik und Dogmengeschichte |k Spezielle Dogmatik |k Christologie |k Allgemein |0 (DE-627)1271522918 |0 (DE-625)rvk/13789: |0 (DE-576)201522918 |
| 936 | b | k | |a 11.47 |j Theologie des Neuen Testaments |0 (DE-627)106419846 |
| 951 | |a BO | ||
| BIB | |a 1 | ||
| ELC | |b 1 | ||
| ITA | |a 1 |t 1 | ||
| LOK | |0 000 xxxxxcx a22 zn 4500 | ||
| LOK | |0 001 3331385026 | ||
| LOK | |0 003 DE-627 | ||
| LOK | |0 004 322260272 | ||
| LOK | |0 005 20091224224002 | ||
| LOK | |0 008 950220||||||||||||||||ger||||||| | ||
| LOK | |0 040 |a DE-21 |c DE-627 |d DE-21 | ||
| LOK | |0 852 |a DE-21 | ||
| LOK | |0 852 1 |c 15 A 61:1 |m p |9 00 | ||
| LOK | |0 852 2 |b LS |9 00 | ||
| LOK | |0 852 1 |c theol L 674 |9 01 | ||
| LOK | |0 935 |a theo |a konv |a alls | ||
| LOK | |0 938 |k p | ||
| LOK | |0 939 |a 20-02-95 |b l01 | ||
| LOK | |0 000 xxxxxcx a22 zn 4500 | ||
| LOK | |0 001 3331385034 | ||
| LOK | |0 003 DE-627 | ||
| LOK | |0 004 322260272 | ||
| LOK | |0 005 20091224224002 | ||
| LOK | |0 008 000608||||||||||||||||ger||||||| | ||
| LOK | |0 040 |a DE-21 |c DE-627 |d DE-21 | ||
| LOK | |0 852 |a DE-21 | ||
| LOK | |0 852 1 |c 15 A 61:2 |m p |9 00 | ||
| LOK | |0 935 |a theo |a konv | ||
| LOK | |0 938 |k p | ||
| LOK | |0 939 |a 08-06-00 |b l02 | ||
| LOK | |0 000 xxxxxcx a22 zn 4500 | ||
| LOK | |0 001 4533598870 | ||
| LOK | |0 003 DE-627 | ||
| LOK | |0 004 322260272 | ||
| LOK | |0 005 20250824191436 | ||
| LOK | |0 008 240602||||||||||||||||ger||||||| | ||
| LOK | |0 040 |a DE-Tue135-1 |c DE-627 |d DE-Tue135-1 | ||
| LOK | |0 852 |a DE-Tue135-1 | ||
| LOK | |0 852 1 |m p |9 00 | ||
| LOK | |0 852 2 |b FTH 204-S5 KASP |9 00 | ||
| LOK | |0 8564 |u https://bibsearch.uibk.ac.at/AC03701868 | ||
| LOK | |0 866 |x Dogmatik | ||
| LOK | |0 935 |a inmo | ||
| LOK | |0 938 |k p | ||
| LOK | |0 939 |a 02-06-24 |b l01 | ||
| ORI | |a SA-MARC-ixtheoa001.raw | ||
| STA | 0 | 0 | |a Christology |
| STB | 0 | 0 | |a Christologie |
| STC | 0 | 0 | |a Cristología |
| STD | 0 | 0 | |a Cristologia |
| STE | 0 | 0 | |a 基督论 |
| STF | 0 | 0 | |a 基督論 |
| STG | 0 | 0 | |a Cristologia |
| STH | 0 | 0 | |a Христология |
| STI | 0 | 0 | |a Χριστολογία |
| SUB | |a BIB | ||
| SYG | 0 | 0 | |a Yeshuʿa,Yeshua,Iesus Nazarenus Rex Iudaeorum,Iesu Keriso,Jẽzaus Kristaus,Jésus-Christ,Iēsus,ho Nazōraios,Gesù Cristo,Ješūʿa,Isus Hristos,Jisous Khristos,Jesú Krist,Iĩsa Chrtá,Jezus Chrystus,Jezus,Jeschua,Jesus,of Nazareth,Iesu Kristo,Chesus Christ,Jhesus Christus,Jésus,le Christ,Jesus,Nazarenus,Jésus,de Nazareth,Jesucristo,Jesus Christ,Jesuo Kristo,Jesusse Kristusse,Jesuse Kristuse,Jesuksen Kristuksen,Jesu Kristo,Jesus Kristus,Yasūʿ,Yeshu,Hisows K'ristos,Ieso K'riste,Iēsus Christos,Iisus Christos,ʿĪsā Ibn-Maryam,Christus,Jesus,von Nazareth,Jesus,von Nazaret,Cristo,Jesus,Ye su,Yesu,Ye, Su , Ješiša Krista,Gesù |